Manchester United Squad 2025-2026 - Statistics

General Stats
  • This quiz has been taken 1,074 times
    237 since last reset
  • The average score is 23 of 29
Answer Stats
# Position Nation Player % Correct
8 MF Portugal Bruno Fernandes
98%
2 DF Portugal Diogo Dalot
96%
6 DF Argentina Lisandro Martínez
96%
5 DF England Harry Maguire
94%
10 FW Brazil Matheus Cunha
94%
19 FW Cameroon Bryan Mbeumo
93%
18 MF Brazil Casemiro
93%
4 DF Netherlands Matthijs de Ligt
93%
30 FW Slovenia Benjamin Šeško
92%
25 MF Uruguay Manuel Ugarte
92%
16 FW Ivory Coast Amad Diallo
91%
1 GK Turkey Altay Bayındır
88%
15 DF France Leny Yoro
87%
3 DF Morocco Noussair Mazraoui
85%
31 GK Belgium Senne Lammens
85%
37 MF England Kobbie Mainoo
84%
7 MF England Mason Mount
84%
- Coach England Michael Carrick
84%
- Coach Portugal Ruben Amorim
84%
11 FW Netherlands Joshua Zirkzee
82%
23 DF England Luke Shaw
82%
13 DF Denmark Patrick Dorgu
82%
12 DF Netherlands Tyrell Malacia
70%
22 GK England Tom Heaton
65%
- Coach Scotland Darren Fletcher
64%
26 DF England Ayden Heaven
57%
32 FW Denmark Chido Obi
52%
35 DF Paraguay Diego León
46%
33 DF England Tyler Fredricson
28%
No matching quizzes found
Score Distribution
Percent of People with Each Score
Percentile by Number Answered
Your Score History
You have not taken this quiz since the last reset